Aufgaben zur Stärkung der Exportkraft der Volkswirtschaft, insbesondere durch eine den Erfordernissen des wissenschaftlich- technischen Fortschritts entsprechende Strukturentwicklung des Exports
Enregistré dans:
| Format: | Livre |
|---|---|
| Langue: | allemand |
| Publié: |
Berlin
Hochschule für Ökonomie "Bruno Leuschner"
1988
|
| Édition: | 1. Aufl. |
| Tags: |
Pas de tags, Soyez le premier à ajouter un tag!
|
MARC
| LEADER | 00000nam a2200000 4500 | ||
|---|---|---|---|
| 001 | c033824 | ||
| 005 | 20221219110742.1 | ||
| 041 | 0 | |a ger | |
| 044 | |a DE | ||
| 245 | 1 | 0 | |a Aufgaben zur Stärkung der Exportkraft der Volkswirtschaft, insbesondere durch eine den Erfordernissen des wissenschaftlich- technischen Fortschritts entsprechende Strukturentwicklung des Exports |
| 250 | |a 1. Aufl. | ||
| 264 | 1 | |a Berlin |b Hochschule für Ökonomie "Bruno Leuschner" |c 1988 | |
| 300 | |a 133 s. | ||